000 00413nam a2200169Ia 4500
008 230711s9999||||xx |||||||||||||| ||und||
020 _a978-93-5024-750-1
041 _aENG
082 _a658
_bAG-B
100 _aAgarwal,O.P
245 0 _aBanking and insurance
250 _a2nd Ed.
260 _c2011
_aMumbai
_bHimalaya Publishing House
300 _a510
650 _aUNIVESITY BUSNIESS SCHOOL
942 _cBK
999 _c5568
_d5568